Štatistika a metrológia pri zabezpečovaní kvality produkcie : Diplomová práca

Gespeichert in:
Bibliographische Detailangaben
1. Verfasser: Piši, Ladislav (Verfasst von)
Weitere Verfasser: Borovička, Milan, 1935- (xxx)
Format: Manuskript Buch
Sprache:Slowakisch
Veröffentlicht: Trnava : STU v Bratislave MtF KOM, 2006
Schlagworte:
Tags: Tag hinzufügen
Keine Tags, Fügen Sie das erste Tag hinzu!

MARC

LEADER 00000ntm a22000003a 4500
001 stu120292
005 20160719155535.4
008 060608s2006----xo------------------slo-d
040 |a STU  |b slo 
041 0 |a slo 
044 |a xo 
100 1 |a Piši, Ladislav  |4 aut 
245 1 |a Štatistika a metrológia pri zabezpečovaní kvality produkcie :  |b Diplomová práca 
260 |a Trnava :  |b STU v Bratislave MtF KOM,  |c 2006 
300 |a 88 s  |c príl., 1 CD 
650 7 |a technológie strojárskej výroby  |2 stusub 
650 7 |a metrológia  |2 stusub 
650 7 |a kvalita  |2 stusub 
700 1 |a Borovička, Milan,  |d 1935-  |4 xxx  |u M160  |U MTF Ústav výrobných technológií  |T MTF Katedra obrábania a montáže  |X 1466  |U M160  |Y M160  |7 A000001466 
996 |b 284M073355  |c M*DP-6032  |l MMSKP  |s P  |a 0  |w stu120292_0001